|
|
|
|
| LEADER |
00000naa0a2200000 4500 |
| 001 |
648058 |
| 005 |
20250624150056.0 |
| 035 |
|
|
|a (RuTPU)RU\TPU\network\13215
|
| 035 |
|
|
|a RU\TPU\network\8014
|
| 090 |
|
|
|a 648058
|
| 100 |
|
|
|a 20160506d2015 k y0rusy50 ca
|
| 101 |
0 |
|
|a rus
|
| 102 |
|
|
|a RU
|
| 135 |
|
|
|a drcn ---uucaa
|
| 181 |
|
0 |
|a i
|
| 182 |
|
0 |
|a b
|
| 200 |
1 |
|
|a Качество подземной воды, очищенной бытовыми фильтрами
|f К. С. Янкович, Е. П. Янкович
|
| 203 |
|
|
|a Текст
|c электронный
|
| 300 |
|
|
|a Заглавие с экрана
|
| 320 |
|
|
|a [Библиогр.: с. 245 (6 назв.)]
|
| 333 |
|
|
|a Режим доступа: по договору с организацией-держателем ресурса
|
| 463 |
|
1 |
|t Научный форум с международным участием "Неделя науки СПбПУ"
|o материалы научно-практической конференции, г. Санкт-Петербург, 1-6 декабря 2014 г.
|f Институт военно-технического образования и безопасности Санкт-Петербургского государственного политехнического университета Петра Великого
|v [С. 242-245]
|d 2015
|
| 610 |
1 |
|
|a электронный ресурс
|
| 610 |
1 |
|
|a труды учёных ТПУ
|
| 610 |
1 |
|
|a подземные воды
|
| 610 |
1 |
|
|a фильтры
|
| 610 |
1 |
|
|a химические элементы
|
| 610 |
1 |
|
|a очищение
|
| 700 |
|
1 |
|a Янкович
|b К. С.
|g Ксения Станиславовна
|
| 701 |
|
1 |
|a Янкович
|b Е. П.
|c геолог
|c старший преподаватель Томского политехнического университета
|f 1967-
|g Елена Петровна
|3 (RuTPU)RU\TPU\pers\28199
|9 13153
|
| 712 |
0 |
2 |
|a Национальный исследовательский Томский политехнический университет (ТПУ)
|b Институт природных ресурсов (ИПР)
|b Кафедра геологии и разведки полезных ископаемых (ГРПИ)
|3 (RuTPU)RU\TPU\col\18660
|
| 801 |
|
2 |
|a RU
|b 63413507
|c 20160506
|g RCR
|
| 850 |
|
|
|a 63413507
|
| 856 |
4 |
|
|u http://elibrary.ru/item.asp?id=23253617
|
| 942 |
|
|
|c CF
|